On the speed of transition in Central and Eastern Europe does on-the-job search matter

Gespeichert in:
Bibliographische Detailangaben
1. Verfasser: Brixiova, Zuzana
Format: Buch
Sprache:Englisch
Veröffentlicht: Washington International Monetary Fund 1997
Schriftenreihe:IMF Working Paper WP/97/102
Schlagworte:
Tags: Tag hinzufügen
Keine Tags, Fügen Sie das erste Tag hinzu!

MARC

LEADER 00000nam a2200000 4500
001 c100122
005 20221124073748.0
041 0 |a eng 
044 |a US 
245 1 0 |a On the speed of transition in Central and Eastern Europe  |b does on-the-job search matter  |c Zuzana Brixiova 
264 1 |a Washington  |b International Monetary Fund  |c 1997 
300 |a 22 s. 
490 1 |a IMF Working Paper  |v WP/97/102 
830 0 |a IMF Working Paper  |v WP/97/102 
610 2 0 |a situácia hospodárska 
610 2 0 |a zmeny štruktúrne 
610 2 0 |a práca 
610 2 0 |a zamestnanosť 
610 2 0 |a nezamestnanosť 
610 2 0 |a SVE 
100 1 |a Brixiova, Zuzana